The Kite Runner (Record no. 346907)

MARC details
000 -LEADER
fixed length control field 00436nam a2200169Ia 4500
008 - FIXED-LENGTH DATA ELEMENTS--GENERAL INFORMATION
fixed length control field 230718s9999 xx 000 0 und d
020 ## - INTERNATIONAL STANDARD BOOK NUMBER
International Standard Book Number 9781408850251
041 ## - LANGUAGE CODE
Language code of text/sound track or separate title eng
082 ## - DEWEY DECIMAL CLASSIFICATION NUMBER
Classification number 813.6
Item number HOS
100 ## - MAIN ENTRY--PERSONAL NAME
Personal name Hosseini K.
9 (RLIN) 106958
245 ## - TITLE STATEMENT
Title The Kite Runner
260 ## - PUBLICATION, DISTRIBUTION, ETC. (IMPRINT)
Date of publication, distribution, etc. 2013
Name of publisher, distributor, etc. Bloomsbury
300 ## - PHYSICAL DESCRIPTION
Extent 243
365 ## - TRADE PRICE
Currency code Rs.
Price amount 499.00
700 ## - ADDED ENTRY--PERSONAL NAME
Personal name Hosseini K.
9 (RLIN) 106958
906 ## - LOCAL DATA ELEMENT F, LDF (RLIN)
d O:0586831-Jan-2018B:411323-Jan-2018
c GENRL
b 125
Holdings
Withdrawn status Lost status Damaged status Not for loan Home library Current library Date acquired Vendor Budget Code Cost, normal purchase price Bill number Total Checkouts Full call number Barcode Date last seen Date last checked out Discount Cost, replacement price Bill Date Koha item type Original Barcode
        Cummins College of Engineering for Women Pune Cummins College of Engineering for Women Pune 31/01/2018 Technical Book Services GENRL 374.00 4113 50 813.6 CCEP-BK-58114 13/05/2026 23/03/2026 125 499.00 23/01/2018 Books 058114